[Event "First Lady's Cup"]
[Site "Bali INA"]
[Date "1983.12.04"]
[Round "16"]
[White "Portisch, Lajos"]
[Black "Kovacevic, Vladimir"]
[Result "1-0"]
[WhiteElo "2600"]
[BlackElo "2540"]
[EventDate "1983.11.13"]
[PlyCount "95"]

1.c4 f5 2.d4 Nf6 3.g3 d6 4.Nf3 g6 5.b3 Bg7 6.Bg2 O-O 7.O-O c6 8.Bb2 a5 9.
Nc3 Na6 10.Rc1 Bd7 11.d5 Nc5 12.Ne1 Qb6 13.Nd3 Nxd3 14.Qxd3 Rf7 15.Na4 Qa6
16.dxc6 Bxc6 17.Bxc6 bxc6 18.c5 d5 19.Nb6 Ra7 20.Rfd1 Bh6 21.Rc2 f4 22.
Qxa6 Rxa6 23.f3 fxg3 24.hxg3 e6 25.Bxf6 Rxf6 26.Kg2 Rf7 27.Rd4 Bf8 28.Ra4 
Rfa7 29.a3 Bxc5 30.Nxd5 cxd5 31.Rxc5 h5 32.Kh3 Kg7 33.Kh4 Kh6 34.f4 Ra8 
35.e3 R8a7 36.g4 hxg4 37.Kxg4 Ra8 38.Rc7 Rg8 39.b4 Rga8 40.b5 Rb6 41.Rd4 
Rxb5 42.Rd1 d4 43.Rxd4 e5 44.Rdd7 Rh8 45.f5 gxf5+ 46.Kxf5 Rb3 47.Rc6+ Kh5 
48.Rc8 1-0

[Event "First Lady's Cup"]
[Site "Bali INA"]
[Date "1983.12.04"]
[Round "16"]
[White "Ardiansyah"]
[Black "Ljubojevic, Ljubomir"]
[Result "0-1"]
[WhiteElo "2450"]
[BlackElo "2645"]
[EventDate "1983.11.13"]
[PlyCount "104"]

1.d4 d5 2.Nf3 c6 3.Bf4 Qb6 4.b3 Bf5 5.e3 e6 6.a3 Nd7 7.Be2 h6 8.O-O Ngf6 
9.Ne5 Be7 10.Nd2 Nxe5 11.Bxe5 O-O 12.c4 Nd7 13.Bg3 Qd8 14.b4 dxc4 15.Nxc4 
Nb6 16.Na5 Qd7 17.Bf3 a6 18.Rc1 Bh7 19.Qb3 Nd5 20.Rfd1 Rac8 21.Nc4 Qd8 22.
e4 Nb6 23.Ne5 Bd6 24.Rc3 Qe7 25.Re3 Rcd8 26.Be2 Nd7 27.Nc4 Bxg3 28.hxg3 
Nf6 29.Bf3 Qc7 30.Ree1 Rd7 31.e5 Nd5 32.Nd6 Ne7 33.Bg4 Nc8 34.Nxf7 Rdxf7 
35.Bxe6 Nb6 36.a4 Kh8 37.Bxf7 Qxf7 38.Qxf7 Rxf7 39.b5 Bc2 40.bxc6 Bxd1 41.
e6 Re7 42.cxb7 Rxb7 43.Rxd1 Nd5 44.Rc1 Rc7 45.Rb1 Kh7 46.Rb8 Rc6 47.Rd8 
Nf6 48.f3 Rxe6 49.Kh2 Rb6 50.Ra8 Rd6 51.a5 Nd5 52.Rb8 Nc3 0-1

[Event "First Lady's Cup"]
[Site "Bali INA"]
[Date "1983.12.04"]
[Round "16"]
[White "Torre, Eugenio"]
[Black "Tarjan, James Edward"]
[Result "1/2-1/2"]
[WhiteElo "2570"]
[BlackElo "2535"]
[EventDate "1983.11.13"]
[PlyCount "138"]

1.d4 d5 2.Nf3 e6 3.Bg5 Be7 4.Bxe7 Qxe7 5.Nbd2 Nf6 6.e3 Nbd7 7.Be2 e5 8.
dxe5 Nxe5 9.O-O O-O 10.Nxe5 Qxe5 11.c3 Rd8 12.Qa4 a5 13.Rfd1 Qe7 14.Bf3 h6
15.Nb3 Bd7 16.Qf4 c5 17.Nc1 Rac8 18.h4 Rc6 19.Ne2 Rb6 20.Rd2 Be6 21.Rad1 
Qd6 22.b3 Kf8 23.e4 Qxf4 24.Nxf4 g5 25.hxg5 hxg5 26.Nxd5 Bxd5 27.exd5 g4 
28.Be2 Ke7 29.Rd3 Kd6 30.Rg3 Rg8 31.f3 a4 32.Bc4 Ke5 33.fxg4 axb3 34.axb3 
Ne4 35.Rf3 Rxg4 36.Rxf7 Nxc3 37.Re7+ Kf6 38.Rde1 Rd4 39.Rd7 Rd1 40.Rxd1 
Nxd1 41.Rh7 Ke5 42.Re7+ Kf6 43.Rc7 Ke5 44.Rxc5 Nc3 45.Rc7 Kd6 46.Rf7 Rb4 
47.Rf6+ Ke7 48.Rh6 Kd7 49.Rh7+ Kd6 50.Rh6+ Kd7 51.d6 Rb6 52.Be6+ Kxd6 53.
Bc4+ Kc5 54.Rxb6 Kxb6 55.Kf2 Kc5 56.Ke3 b6 57.Bf7 Kd6 58.b4 Ke5 59.Kd3 Ne4
60.Be8 Nf6 61.Bc6 Kd6 62.Bb7 Ke5 63.Kc3 Ne8 64.g4 Nc7 65.g5 Kf5 66.Kd4 
Ne6+ 67.Kd5 Nf4+ 68.Kd6 Kxg5 69.Be4 Kf6 1/2-1/2

[Event "First Lady's Cup"]
[Site "Bali INA"]
[Date "1983.12.04"]
[Round "16"]
[White "Andersson, Ulf"]
[Black "Yusupov, Artur"]
[Result "1/2-1/2"]
[WhiteElo "2640"]
[BlackElo "2555"]
[EventDate "1983.11.13"]
[PlyCount "46"]

1.c4 e5 2.Nc3 Nc6 3.g3 g6 4.Bg2 Bg7 5.d3 d6 6.Rb1 a5 7.a3 Nf6 8.Nf3 O-O 9.
O-O Bf5 10.b4 axb4 11.axb4 Qd7 12.Bg5 Nd4 13.Bxf6 Bxf6 14.Nd5 Bd8 15.Nxd4 
exd4 16.b5 Bh3 17.Ra1 Rxa1 18.Qxa1 Bxg2 19.Kxg2 c6 20.Nb4 Bb6 21.bxc6 bxc6
22.Qa4 Rc8 23.Nd5 Qd8 1/2-1/2

[Event "First Lady's Cup"]
[Site "Bali INA"]
[Date "1983.12.04"]
[Round "16"]
[White "Schmidt, Wlodzimierz"]
[Black "Adorjan, Andras"]
[Result "1/2-1/2"]
[WhiteElo "2450"]
[BlackElo "2535"]
[EventDate "1983.11.13"]
[PlyCount "40"]

1.d4 Nf6 2.Nf3 e6 3.Bg5 c5 4.e3 Be7 5.Nbd2 b6 6.Bd3 Bb7 7.c3 O-O 8.O-O Nc6
9.Re1 cxd4 10.exd4 Nd5 11.Bxe7 Ncxe7 12.a4 Rb8 13.g3 Nf6 14.Bf1 Qc7 15.Bg2
h6 16.Ne5 Bxg2 17.Kxg2 d6 18.Nd3 Rfd8 19.Qf3 Nh7 20.h4 Nf6 1/2-1/2

[Event "First Lady's Cup"]
[Site "Bali INA"]
[Date "1983.12.04"]
[Round "16"]
[White "Handoko, Edhi"]
[Black "Utut Adianto"]
[Result "1/2-1/2"]
[WhiteElo "2420"]
[BlackElo "2385"]
[EventDate "1983.11.13"]
[PlyCount "91"]

1.e4 c6 2.d4 d5 3.Nd2 dxe4 4.Nxe4 Bf5 5.Ng3 Bg6 6.h4 h6 7.Nf3 Nd7 8.h5 Bh7
9.Bd3 Bxd3 10.Qxd3 Ngf6 11.Bd2 Qc7 12.O-O-O e6 13.Ne4 O-O-O 14.Nxf6 Nxf6 
15.Qe2 Bd6 16.Kb1 Rhe8 17.c4 c5 18.Bc3 a6 19.Ne5 cxd4 20.Bxd4 Bxe5 21.Bxe5
Qc6 22.f3 Rxd1+ 23.Rxd1 Nxh5 24.Qf2 Rd8 25.Rc1 f6 26.Bh2 g5 27.b4 e5 28.b5
Qd6 29.bxa6 Qb4+ 30.Qb2 Qxb2+ 31.Kxb2 bxa6 32.Kc3 Kc7 33.Rb1 Nf4 34.Bxf4 
gxf4 35.Rh1 Rh8 36.c5 h5 37.Kc4 Rg8 38.Rxh5 Rxg2 39.Kd5 Rd2+ 40.Ke6 Rxa2 
41.Kxf6 Rf2 42.Kf5 Kc6 43.Rh6+ Kxc5 44.Rxa6 Kd4 45.Ra5 Kd3 46.Rd5+ 1/2-1/2

[Event "First Lady's Cup"]
[Site "Bali INA"]
[Date "1983.12.06"]
[Round "17"]
[White "Radulov, Ivan"]
[Black "Timman, Jan"]
[Result "1/2-1/2"]
[WhiteElo "2490"]
[BlackElo "2605"]
[EventDate "1983.11.13"]
[PlyCount "75"]

1.e4 c5 2.Nf3 d6 3.d4 cxd4 4.Nxd4 Nf6 5.Nc3 a6 6.f4 Qc7 7.Qf3 g6 8.Be3 Bg7
9.f5 Nbd7 10.Qh3 b5 11.a3 Bb7 12.Bd3 Ne5 13.Bh6 Bxh6 14.Qxh6 Qb6 15.O-O-O 
O-O-O 16.Qe3 Nfg4 17.Qg1 gxf5 18.Nd5 Bxd5 19.exd5 f4 20.Bf5+ Kb7 21.Rf1 
Nf6 22.Rxf4 Ka7 23.Nc6+ Nxc6 24.dxc6 Qxg1+ 25.Rxg1 Kb6 26.Re1 Nd5 27.Rf3 
Kc7 28.Bd3 Rdf8 29.c4 bxc4 30.Bxc4 e6 31.Bxd5 exd5 32.Re7+ Kxc6 33.Rexf7 
Rxf7 34.Rxf7 h5 35.g3 Re8 36.Kd2 d4 37.Rf5 h4 38.gxh4 1/2-1/2

[Event "First Lady's Cup"]
[Site "Bali INA"]
[Date "1983.12.06"]
[Round "17"]
[White "Tarjan, James Edward"]
[Black "Handoko, Edhi"]
[Result "1-0"]
[WhiteElo "2535"]
[BlackElo "2420"]
[EventDate "1983.11.13"]
[PlyCount "87"]

1.d4 Nf6 2.c4 e6 3.Nf3 b6 4.g3 Ba6 5.b3 Bb4+ 6.Bd2 Be7 7.Nc3 d5 8.cxd5 
Nxd5 9.Nxd5 exd5 10.Bg2 Nd7 11.O-O O-O 12.Rc1 Re8 13.Be3 Bd6 14.Re1 Nf6 
15.Ne5 Bb7 16.Bf4 c5 17.e3 Rc8 18.Nd3 Ne4 19.Bxd6 Qxd6 20.Nf4 h6 21.Qd3 
Rc7 22.dxc5 Nxc5 23.Qd2 Rd7 24.Red1 Red8 25.Qb2 Qe7 26.Rd2 Ne6 27.Qe5 Nxf4
28.Qxf4 Qa3 29.Rcc2 Ba6 30.Qd4 Qd6 31.h4 Re7 32.Rc6 Qb8 33.Kh2 Bb7 34.Rc3 
Ba6 35.Rcc2 Bb7 36.Rd1 Ree8 37.Rcd2 Qc7 38.e4 Rd6 39.exd5 Red8 40.Qe4 Qc5 
41.Rc2 Qa5 42.Rc7 Bxd5 43.Qe7 Qxa2 44.Rxd5 1-0

[Event "First Lady's Cup"]
[Site "Bali INA"]
[Date "1983.12.06"]
[Round "17"]
[White "Hulak, Krunoslav"]
[Black "Miolo, Ediwan Ermansyah"]
[Result "1-0"]
[WhiteElo "2530"]
[BlackElo "2405"]
[EventDate "1983.11.13"]
[PlyCount "125"]

1.Nf3 b5 2.g3 Bb7 3.Bg2 e6 4.d4 Nf6 5.O-O Be7 6.c3 O-O 7.Qd3 a6 8.Nbd2 d6 
9.a4 Nbd7 10.Re1 Qb8 11.e4 c5 12.b3 Rd8 13.Ba3 Qc7 14.d5 exd5 15.exd5 Nxd5
16.c4 Bf6 17.cxd5 b4 18.Ra2 bxa3 19.Nc4 Nb6 20.Rxa3 Re8 21.Ne3 a5 22.Ra2 
g6 23.Rc2 Qd7 24.Qd1 Ba6 25.Bf1 Bxf1 26.Kxf1 Qh3+ 27.Kg1 Rab8 28.Qd3 Qd7 
29.Rce2 Kg7 30.Kg2 Rec8 31.Rc2 Re8 32.Rd1 h5 33.h4 Re7 34.Re2 Ree8 35.Rde1
Rec8 36.Rc2 Qb7 37.Rd1 Nd7 38.Nc4 Qxb3 39.Nxd6 Rd8 40.Qxb3 Rxb3 41.Nc4 Ra8
42.Rdc1 Rb4 43.Ra2 Ra6 44.Nfd2 Bd4 45.Ne4 Ra8 46.Kf1 Kf8 47.Rcc2 Re8 48.
Ned2 Ra8 49.Ra3 Nf6 50.d6 Nd7 51.Kg2 Bf6 52.Ne4 Bd4 53.Ned2 Bf6 54.Nb3 Bd8
55.Ncd2 Bf6 56.Nxc5 Nxc5 57.Rxc5 Rb2 58.Rd3 Bd8 59.Nc4 Rb7 60.Ne5 Bf6 61.
d7 Rd8 62.Rc8 Rb8 63.Rxb8 1-0

[Event "First Lady's Cup"]
[Site "Bali INA"]
[Date "1983.12.06"]
[Round "17"]
[White "Ljubojevic, Ljubomir"]
[Black "Lobron, Eric"]
[Result "1/2-1/2"]
[WhiteElo "2645"]
[BlackElo "2480"]
[EventDate "1983.11.13"]
[PlyCount "59"]

1.e4 c6 2.d3 d5 3.Nd2 e5 4.Ngf3 Bd6 5.Be2 Ne7 6.O-O O-O 7.Re1 f5 8.c3 Nd7 
9.Bf1 Kh8 10.g3 fxe4 11.dxe4 Ng6 12.Bg2 Nf6 13.h3 Bc7 14.Qe2 Bd7 15.b3 Qe7
16.a4 Rae8 17.Ba3 Bd6 18.Bxd6 Qxd6 19.Qe3 Qb8 20.Qg5 Kg8 21.Re2 c5 22.Rae1
d4 23.cxd4 cxd4 24.Nxd4 exd4 25.e5 Rxe5 26.Rxe5 Nxe5 27.Qxe5 Qxe5 28.Rxe5 
Rc8 29.g4 Rc1+ 30.Bf1 1/2-1/2

[Event "First Lady's Cup"]
[Site "Bali INA"]
[Date "1983.12.06"]
[Round "17"]
[White "Kovacevic, Vladimir"]
[Black "Schmidt, Wlodzimierz"]
[Result "1-0"]
[WhiteElo "2540"]
[BlackElo "2450"]
[EventDate "1983.11.13"]
[PlyCount "101"]

1.d4 Nf6 2.Nf3 g6 3.Bf4 Bg7 4.e3 O-O 5.Be2 d6 6.c4 Nh5 7.Bg5 h6 8.Bh4 g5 
9.Bg3 Nxg3 10.hxg3 c5 11.Nc3 e6 12.Qd3 Nc6 13.O-O-O g4 14.Nh2 f5 15.d5 Nb4
16.Qd2 exd5 17.Nxd5 Nxa2+ 18.Kb1 Nb4 19.Nxb4 cxb4 20.Qxb4 b6 21.Qxd6 Qe8 
22.Nf1 Bb7 23.f3 Rd8 24.Qxd8 Qxd8 25.Rxd8 Rxd8 26.Rh5 Bc8 27.Kc2 Be6 28.b3
a5 29.Nd2 Bf7 30.Rh1 a4 31.Bd3 b5 32.bxa4 bxa4 33.Nb1 Rb8 34.Nc3 a3 35.Nb5
Re8 36.Nxa3 gxf3 37.gxf3 Rxe3 38.Rf1 Be5 39.Kd2 f4 40.Nc2 Rxd3+ 41.Kxd3 
Bg6+ 42.Kd2 fxg3 43.Ne3 Bf4 44.Ke2 Bf7 45.Nd5 Bd6 46.Rd1 Kg7 47.Kf1 Be6 
48.Kg2 h5 49.Nf6 Be5 50.Nxh5+ Kg6 51.Re1 1-0

[Event "First Lady's Cup"]
[Site "Bali INA"]
[Date "1983.12.06"]
[Round "17"]
[White "Henley, Ronald Watson"]
[Black "Torre, Eugenio"]
[Result "1/2-1/2"]
[WhiteElo "2525"]
[BlackElo "2570"]
[EventDate "1983.11.13"]
[PlyCount "31"]

1.d4 d5 2.c4 c6 3.cxd5 cxd5 4.Nf3 Nc6 5.Nc3 Nf6 6.Bf4 Bf5 7.e3 e6 8.Bb5 
Nd7 9.O-O Be7 10.Bxc6 bxc6 11.Na4 O-O 12.Rc1 Rc8 13.Ne5 Nxe5 14.Bxe5 Qa5 
15.b3 Ba3 16.Rc3 1/2-1/2

[Event "First Lady's Cup"]
[Site "Bali INA"]
[Date "1983.12.06"]
[Round "17"]
[White "Kurajica, Bojan"]
[Black "Andersson, Ulf"]
[Result "1/2-1/2"]
[WhiteElo "2525"]
[BlackElo "2640"]
[EventDate "1983.11.13"]
[PlyCount "29"]

1.d4 Nf6 2.Nf3 d5 3.c4 e6 4.Bg5 Be7 5.Nc3 O-O 6.e3 Nbd7 7.Qc2 Re8 8.Rd1 h6
9.Bh4 a6 10.cxd5 exd5 11.Bd3 c6 12.O-O Ne4 13.Bxe7 Qxe7 14.Rfe1 Ndf6 15.
Ne5 1/2-1/2

[Event "First Lady's Cup"]
[Site "Bali INA"]
[Date "1983.12.06"]
[Round "17"]
[White "Utut Adianto"]
[Black "Ardiansyah"]
[Result "1-0"]
[WhiteElo "2385"]
[BlackElo "2450"]
[EventDate "1983.11.13"]
[PlyCount "67"]

1.e4 c5 2.Nf3 a6 3.c4 Nc6 4.d4 cxd4 5.Nxd4 Nf6 6.Nc3 Qc7 7.Be2 e6 8.O-O 
Bb4 9.Qd3 O-O 10.Bg5 Bxc3 11.bxc3 Ne5 12.Qe3 Neg4 13.Qh3 Qc5 14.Bh4 h5 15.
f3 e5 16.fxg4 Nxg4 17.Bxg4 hxg4 18.Qxg4 d6 19.Qg3 f5 20.exf5 exd4 21.f6 
dxc3+ 22.Kh1 Rf7 23.Qxc3 Be6 24.Rac1 Rc8 25.Bf2 Qxc4 26.Qd2 Qb5 27.Rxc8+ 
Bxc8 28.Rc1 Bd7 29.fxg7 Rxg7 30.Bd4 Rg6 31.Qc2 Rg4 32.h3 Rg3 33.Qf2 Rg6 
34.Rf1 1-0

[Event "First Lady's Cup"]
[Site "Bali INA"]
[Date "1983.12.07"]
[Round "18"]
[White "Handoko, Edhi"]
[Black "Henley, Ronald Watson"]
[Result "1/2-1/2"]
[WhiteElo "2420"]
[BlackElo "2525"]
[EventDate "1983.11.13"]
[PlyCount "87"]

1.e4 e6 2.d4 d5 3.Nd2 c5 4.exd5 Qxd5 5.dxc5 Bxc5 6.Ngf3 Nf6 7.Bc4 Qd8 8.
O-O O-O 9.c3 b6 10.Qe2 Bb7 11.Ng5 Qc8 12.Re1 Qc6 13.Nde4 Be7 14.Bb5 Qc7 
15.Nxf6+ Bxf6 16.Qh5 h6 17.Ne4 Be5 18.Ng3 Nc6 19.Qg4 Kh7 20.Qc4 Ne7 21.Qe2
Bf4 22.Bxf4 Qxf4 23.Qc2+ Kh8 24.Rad1 Rad8 25.Rxd8 Rxd8 26.Rd1 Qc7 27.Bf1 
Nd5 28.Qd2 Rd7 29.Bb5 Bc6 30.Bxc6 Qxc6 31.f3 Nf6 32.Qe2 Qc5+ 33.Kh1 Rxd1+ 
34.Qxd1 Qc4 35.a3 Nd5 36.Kg1 Kg8 37.Qd2 g5 38.Ne4 f5 39.Ng3 Kf7 40.Ne2 Ke7
41.g3 e5 42.Nc1 Kf6 43.Nd3 a5 44.Nf2 1/2-1/2

[Event "First Lady's Cup"]
[Site "Bali INA"]
[Date "1983.12.07"]
[Round "18"]
[White "Gunawan, Ronny"]
[Black "Kurajica, Bojan"]
[Result "1/2-1/2"]
[WhiteElo "2400"]
[BlackElo "2525"]
[EventDate "1983.11.13"]
[PlyCount "54"]

1.d4 Nf6 2.c4 e6 3.Nf3 b6 4.g3 Bb4+ 5.Bd2 Bxd2+ 6.Qxd2 Ba6 7.b3 c6 8.Bg2 
d5 9.Ne5 Nfd7 10.Nxd7 Nxd7 11.cxd5 cxd5 12.O-O O-O 13.Nc3 Rc8 14.Rfd1 Nf6 
15.f3 Rc6 16.Rac1 Qc7 17.a4 Rc8 18.Na2 Rc2 19.Rxc2 Qxc2 20.Nb4 Qxd2 21.
Rxd2 Bb7 22.Rc2 a5 23.Rxc8+ Bxc8 24.Na2 Ba6 25.Nc3 Kf8 26.Kf2 Ke7 27.Bf1 
Kd7 1/2-1/2

[Event "First Lady's Cup"]
[Site "Bali INA"]
[Date "1983.12.07"]
[Round "18"]
[White "Torre, Eugenio"]
[Black "Yusupov, Artur"]
[Result "1-0"]
[WhiteElo "2570"]
[BlackElo "2555"]
[EventDate "1983.11.13"]
[PlyCount "81"]

1.d4 Nf6 2.c4 e6 3.Nf3 Bb4+ 4.Bd2 a5 5.e3 O-O 6.Bd3 b6 7.Qc2 d5 8.O-O dxc4
9.Bxc4 Bb7 10.Bd3 Bxf3 11.gxf3 Qd5 12.Be2 Nbd7 13.f4 Ne4 14.Bf3 f5 15.a3 
Bxd2 16.Nxd2 Ndf6 17.Rac1 Rac8 18.Rfd1 Rfd8 19.Bg2 h6 20.Qc6 Rd6 21.Qc2 
Kh7 22.Nxe4 fxe4 23.f3 Qh5 24.fxe4 e5 25.h3 Ng8 26.dxe5 Rg6 27.Kh1 Ne7 28.
Qf2 Rf8 29.Rd2 c5 30.Kh2 Re6 31.Rd6 Qf7 32.Qg3 Nc6 33.Rcd1 Rfe8 34.Rxe6 
Rxe6 35.Rd6 Qe7 36.Rxe6 Qxe6 37.Qg4 Qe7 38.Qf5+ g6 39.Qf6 Qxf6 40.exf6 Kg8
41.e5 1-0

[Event "First Lady's Cup"]
[Site "Bali INA"]
[Date "1983.12.07"]
[Round "18"]
[White "Ardiansyah"]
[Black "Tarjan, James Edward"]
[Result "1-0"]
[WhiteElo "2450"]
[BlackElo "2535"]
[EventDate "1983.11.13"]
[PlyCount "81"]

1.d4 d5 2.Nf3 Nf6 3.c4 dxc4 4.Qa4+ c6 5.Qxc4 Bf5 6.Nc3 Nbd7 7.g3 e6 8.Bg2 
Be7 9.O-O O-O 10.e3 Ne4 11.Ne1 Nxc3 12.bxc3 e5 13.f4 exd4 14.cxd4 Nf6 15.
h3 Bd6 16.g4 Be4 17.Nf3 Kh8 18.Bd2 Qe7 19.Ne5 Bxg2 20.Kxg2 Ne4 21.Be1 f6 
22.Qd3 Ng5 23.Bh4 c5 24.Rae1 Rad8 25.Qc2 Rc8 26.Qd3 b6 27.Bxg5 fxg5 28.Nf3
c4 29.Qc2 gxf4 30.e4 Qb7 31.d5 Bc5 32.Rd1 Be3 33.e5 c3 34.Kh2 Rc4 35.d6 g6
36.e6 Bc5 37.e7 Rg8 38.Ng5 Bd4 39.Rxd4 Rxd4 40.Qxc3 Qd5 41.Rd1 1-0

[Event "First Lady's Cup"]
[Site "Bali INA"]
[Date "1983.12.07"]
[Round "18"]
[White "Portisch, Lajos"]
[Black "Ljubojevic, Ljubomir"]
[Result "1-0"]
[WhiteElo "2600"]
[BlackElo "2645"]
[EventDate "1983.11.13"]
[PlyCount "67"]

1.d4 d5 2.c4 c6 3.cxd5 cxd5 4.Nc3 Nc6 5.Bf4 Nf6 6.e3 e6 7.Nf3 Bd6 8.Bg3 
O-O 9.Bd3 a6 10.Rc1 Bxg3 11.hxg3 g6 12.e4 dxe4 13.Bxe4 Bd7 14.Qd2 Qe7 15.
Qh6 Rfd8 16.g4 Qf8 17.Qh4 Qg7 18.g5 Ne8 19.d5 Ne7 20.dxe6 Bxe6 21.Bxb7 
Rab8 22.Bxa6 Rxb2 23.O-O Ra8 24.Bb5 Nd6 25.a4 Nef5 26.Qf4 Rc8 27.Ne4 Nxe4 
28.Rxc8+ Bxc8 29.Qxe4 Nd6 30.Qe7 Nxb5 31.Rd1 h5 32.gxh6 Qxh6 33.Rd8+ Kh7 
34.Ng5+ 1-0

[Event "First Lady's Cup"]
[Site "Bali INA"]
[Date "1983.12.07"]
[Round "18"]
[White "Andersson, Ulf"]
[Black "Radulov, Ivan"]
[Result "1-0"]
[WhiteElo "2640"]
[BlackElo "2490"]
[EventDate "1983.11.13"]
[PlyCount "65"]

1.d4 d5 2.Nf3 Nf6 3.c4 dxc4 4.Qa4+ Nbd7 5.g3 e6 6.Bg2 a6 7.Nc3 c5 8.O-O 
Be7 9.dxc5 Bxc5 10.Qxc4 b5 11.Qh4 Bb7 12.Bg5 O-O 13.Rad1 Qb8 14.Rd3 h6 15.
Bf4 Qa7 16.b4 Bb6 17.a4 Nd5 18.Bxh6 gxh6 19.Qxh6 Nxc3 20.Rxd7 Nxe2+ 21.Kh1
Bxf3 22.Rxa7 Bxg2+ 23.Kxg2 Rxa7 24.Qg5+ Kh7 25.Qh5+ Kg7 26.Qxe2 bxa4 27.
Qe5+ Kg8 28.Qg5+ Kh7 29.Rc1 Rg8 30.Qh5+ Kg7 31.Qe5+ Kh7 32.Rc4 Rg6 33.Rc8 
1-0

[Event "First Lady's Cup"]
[Site "Bali INA"]
[Date "1983.12.07"]
[Round "18"]
[White "Miolo, Ediwan Ermansyah"]
[Black "Adorjan, Andras"]
[Result "1/2-1/2"]
[WhiteElo "2405"]
[BlackElo "2535"]
[EventDate "1983.11.13"]
[PlyCount "51"]

1.e4 c5 2.Nc3 d6 3.Nf3 e6 4.d4 cxd4 5.Nxd4 Nf6 6.Be2 a6 7.O-O Be7 8.a4 O-O
9.f4 Qc7 10.Be3 b6 11.Bf3 Bb7 12.Qe2 Nc6 13.Rad1 Rfe8 14.Qf2 Rab8 15.f5 
Bf8 16.Nb3 Ba8 17.Bg5 Be7 18.Be2 exf5 19.Qxf5 Nb4 20.Bd3 Qb7 21.Bxf6 Bxf6 
22.Nd5 Nxd5 23.exd5 Qxd5 24.Qxh7+ Kf8 25.Rd2 Qg5 26.Bxa6 1/2-1/2

[Event "First Lady's Cup"]
[Site "Bali INA"]
[Date "1983.12.07"]
[Round "18"]
[White "Lobron, Eric"]
[Black "Utut Adianto"]
[Result "1-0"]
[WhiteElo "2480"]
[BlackElo "2385"]
[EventDate "1983.11.13"]
[PlyCount "89"]

1.e4 c5 2.Nf3 Nc6 3.d4 cxd4 4.Nxd4 Nf6 5.Nc3 d6 6.Bg5 e6 7.Qd2 h6 8.Bxf6 
gxf6 9.O-O-O a6 10.f4 h5 11.Kb1 Bd7 12.Bc4 b5 13.Bb3 b4 14.Nxc6 Bxc6 15.
Nd5 exd5 16.exd5 Bb5 17.Rhe1+ Be7 18.Re3 Kf8 19.Rde1 Ra7 20.Qxb4 Rg8 21.a4
Be8 22.Qd4 Rb7 23.Qd3 Rg6 24.Qxa6 Rc7 25.Qe2 Rh6 26.f5 Ra7 27.Re4 Rh8 28.
Qe3 Rb7 29.Re2 Qd7 30.Qf2 Qc8 31.Qe1 Qd8 32.R2e3 Rg8 33.Qe2 Rg5 34.Rh3 Bd7
35.Rxh5 Bxf5 36.Rh8+ Rg8 37.Qh5 Bxe4 38.Qh6+ Ke8 39.Rxg8+ Kd7 40.Qh3+ f5 
41.Rxd8+ Bxd8 42.Ka2 Bf6 43.c3 Kc7 44.Qh6 Be5 45.g3 1-0

[Event "First Lady's Cup"]
[Site "Bali INA"]
[Date "1983.12.09"]
[Round "19"]
[White "Radulov, Ivan"]
[Black "Gunawan, Ronny"]
[Result "1/2-1/2"]
[WhiteElo "2490"]
[BlackElo "2400"]
[EventDate "1983.11.13"]
[PlyCount "33"]

1.e4 e6 2.d4 d5 3.Nd2 c5 4.exd5 Qxd5 5.Ngf3 cxd4 6.Bc4 Qd6 7.O-O Nf6 8.Nb3
Nc6 9.Nbxd4 Nxd4 10.Qxd4 Qxd4 11.Nxd4 a6 12.Bf4 Bc5 13.Rad1 O-O 14.Nb3 Ba7
15.Be2 Bd7 16.Bf3 Rac8 17.c3 1/2-1/2

[Event "First Lady's Cup"]
[Site "Bali INA"]
[Date "1983.12.09"]
[Round "19"]
[White "Henley, Ronald Watson"]
[Black "Ardiansyah"]
[Result "0-1"]
[WhiteElo "2525"]
[BlackElo "2450"]
[EventDate "1983.11.13"]
[PlyCount "72"]

1.d4 Nf6 2.c4 g6 3.Nc3 d5 4.Nf3 Bg7 5.Bg5 Ne4 6.cxd5 Nxg5 7.Nxg5 e6 8.Qd2 
h6 9.Nf3 exd5 10.e3 a5 11.Ne5 O-O 12.f4 c6 13.Bd3 a4 14.a3 Nd7 15.O-O Nxe5
16.fxe5 Be6 17.Rf2 c5 18.Bb5 cxd4 19.exd4 f6 20.exf6 Rxf6 21.Bxa4 Rxf2 22.
Qxf2 Qg5 23.Rd1 Bg4 24.h4 Qh5 25.Re1 g5 26.Nxd5 Rf8 27.Qe3 Kh8 28.Ne7 Rf4 
29.g3 Bxd4 30.gxf4 Bxe3+ 31.Rxe3 Be6 32.hxg5 hxg5 33.Bc2 Qg4+ 34.Kh1 gxf4 
35.Ng6+ Kg7 36.Re1 Bd5+ 0-1

[Event "First Lady's Cup"]
[Site "Bali INA"]
[Date "1983.12.09"]
[Round "19"]
[White "Kurajica, Bojan"]
[Black "Torre, Eugenio"]
[Result "1/2-1/2"]
[WhiteElo "2525"]
[BlackElo "2570"]
[EventDate "1983.11.13"]
[PlyCount "25"]

1.d4 d5 2.Nf3 Nf6 3.c4 c6 4.e3 Bf5 5.Bd3 Bxd3 6.Qxd3 e6 7.O-O Nbd7 8.Nc3 
Be7 9.b3 O-O 10.Bb2 Qa5 11.e4 dxe4 12.Nxe4 Nxe4 13.Qxe4 1/2-1/2

[Event "First Lady's Cup"]
[Site "Bali INA"]
[Date "1983.12.09"]
[Round "19"]
[White "Tarjan, James Edward"]
[Black "Lobron, Eric"]
[Result "1-0"]
[WhiteElo "2535"]
[BlackElo "2480"]
[EventDate "1983.11.13"]
[PlyCount "109"]

1.d4 Nf6 2.Nf3 g6 3.c4 Bg7 4.Nc3 d6 5.e4 O-O 6.h3 c5 7.d5 e6 8.Bd3 exd5 9.
exd5 Re8+ 10.Be3 Bh6 11.O-O Bxe3 12.fxe3 Nbd7 13.Rf2 a6 14.a4 Qe7 15.Qc2 
b6 16.Raf1 Ra7 17.g4 Qxe3 18.Kg2 Qe7 19.Qd2 Kg7 20.Qf4 Qe3 21.Qxd6 Qxd3 
22.Ne5 Re6 23.Nxd3 Rxd6 24.g5 h6 25.h4 Rb7 26.b3 hxg5 27.hxg5 Rb8 28.a5 
bxa5 29.gxf6+ Nxf6 30.Nxc5 Bf5 31.Ra1 Re8 32.Re2 Rh8 33.Rxa5 Ng4 34.Rxa6 
Rdd8 35.Ra7 Kg8 36.Ree7 Rh2+ 37.Kg3 Rc2 38.N3e4 Nh6 39.Ng5 Rc8 40.Nd7 Rc3+
41.Kf4 Bxd7 42.Raxd7 Rxb3 43.c5 Rb1 44.c6 Rf1+ 45.Nf3 g5+ 46.Kxg5 Kh7 47.
Rxf7+ Nxf7+ 48.Rxf7+ Kg8 49.Kg6 Rd1 50.Ng5 Rg1 51.Rg7+ Kf8 52.c7 Ke8 53.d6
Rd1 54.Re7+ Kf8 55.Nh7+ 1-0

[Event "First Lady's Cup"]
[Site "Bali INA"]
[Date "1983.12.09"]
[Round "19"]
[White "Romanishin, Oleg"]
[Black "Miolo, Ediwan Ermansyah"]
[Result "1-0"]
[WhiteElo "2575"]
[BlackElo "2405"]
[EventDate "1983.11.13"]
[PlyCount "81"]

1.Nf3 Nf6 2.g3 b5 3.Bg2 Bb7 4.O-O e6 5.d3 Be7 6.e4 d6 7.Na3 a6 8.c4 c6 9.
Re1 Nbd7 10.b3 O-O 11.Bb2 b4 12.Nc2 c5 13.h3 Ne8 14.d4 Qc7 15.Qd2 a5 16.a4
Rd8 17.d5 Bf6 18.Ne3 Bc8 19.Nh2 Bxb2 20.Qxb2 Ne5 21.Rad1 Ng6 22.f4 Nf6 23.
h4 exd5 24.cxd5 Ba6 25.Nf5 Bc8 26.Ng4 Ne8 27.h5 Ne7 28.Nge3 f6 29.g4 Nxf5 
30.gxf5 Ba6 31.Bf3 Kh8 32.Kh1 Qd7 33.Rd2 Rc8 34.Rc1 h6 35.Rg2 Qe7 36.Qc2 
Nc7 37.Rcg1 Rg8 38.Rg6 Na8 39.Ng4 c4 40.bxc4 Rxc4 41.Qg2 1-0

[Event "First Lady's Cup"]
[Site "Bali INA"]
[Date "1983.12.09"]
[Round "19"]
[White "Hulak, Krunoslav"]
[Black "Andersson, Ulf"]
[Result "1/2-1/2"]
[WhiteElo "2530"]
[BlackElo "2640"]
[EventDate "1983.11.13"]
[PlyCount "166"]

1.d4 Nf6 2.c4 e6 3.g3 d5 4.Nf3 dxc4 5.Qa4+ Nbd7 6.Bg2 a6 7.Qxc4 c5 8.Qc2 
b6 9.dxc5 Bxc5 10.O-O Bb7 11.Bg5 O-O 12.Nc3 h6 13.Bxf6 Nxf6 14.Rac1 Rc8 
15.Rfd1 Qe7 16.e3 b5 17.Qe2 Bb4 18.Nb1 Rxc1 19.Rxc1 Rc8 20.Rxc8+ Bxc8 21.
Ne5 Qc7 22.Nc6 Bd6 23.Qc2 Bb7 24.Nd2 Nd5 25.Bxd5 exd5 26.Nd4 Qxc2 27.Nxc2 
b4 28.Nb3 Kf8 29.Ncd4 Bc8 30.Kg2 Ke7 31.Nc1 Kd7 32.Nd3 Kc7 33.Kf3 Kb6 34.
Ke2 a5 35.Kd2 g5 36.f4 f6 37.Nf2 Bd7 38.Nd3 Bc7 39.Kc2 Bb8 40.Kd2 Bd6 41.
Ne1 Be7 42.Nef3 Bc8 43.Ne1 Bd8 44.Nd3 Kc7 45.Nf2 Kd6 46.Ke2 Bb6 47.Nd3 Ke7
48.Kf3 Kf7 49.b3 h5 50.Ke2 Kg6 51.fxg5 fxg5 52.Kf2 Kf6 53.h4 gxh4 54.gxh4 
Bg4 55.Nf4 Ke5 56.Nf3+ Kd6 57.Ng5 Bc7 58.Nf7+ Kc6 59.Nh6 Bd1 60.Nf5 Bd8 
61.Ke1 Bg4 62.Ng7 Bxh4+ 63.Kd2 Kc5 64.Ngxh5 Kd6 65.Ng2 Bg5 66.Nhf4 Bf5 67.
Ne2 Bh7 68.Nd4 Bg6 69.Ne1 Bf6 70.Nd3 Be8 71.Nf5+ Kc6 72.Nd4+ Kd6 73.Nf5+ 
Kc7 74.Nd4 Bg6 75.Nc5 Bh7 76.Nd3 Be7 77.Ne5 Be4 78.Nd3 Kb7 79.Ne5 Bc5 80.
Nd3 Bb6 81.Nc2 Kc6 82.a3 bxa3 83.Nxa3 Bd8 1/2-1/2

[Event "First Lady's Cup"]
[Site "Bali INA"]
[Date "1983.12.09"]
[Round "19"]
[White "Adorjan, Andras"]
[Black "Timman, Jan"]
[Result "1/2-1/2"]
[WhiteElo "2535"]
[BlackElo "2605"]
[EventDate "1983.11.13"]
[PlyCount "35"]

1.e4 e5 2.Nf3 Nc6 3.Bb5 a6 4.Ba4 Nf6 5.O-O Be7 6.Re1 b5 7.Bb3 d6 8.c3 O-O 
9.h3 Nb8 10.d4 Nbd7 11.Nbd2 Bb7 12.Bc2 Re8 13.Nf1 d5 14.exd5 exd4 15.Nxd4 
Nxd5 16.Ne3 Nxe3 17.Bxe3 Bf6 18.Rc1 1/2-1/2

[Event "First Lady's Cup"]
[Site "Bali INA"]
[Date "1983.12.10"]
[Round "20"]
[White "Handoko, Edhi"]
[Black "Kurajica, Bojan"]
[Result "1-0"]
[WhiteElo "2420"]
[BlackElo "2525"]
[EventDate "1983.11.13"]
[PlyCount "69"]

1.e4 c5 2.Nf3 e6 3.d4 cxd4 4.Nxd4 Nc6 5.Be2 Nf6 6.Nc3 d6 7.Be3 Be7 8.O-O 
O-O 9.f4 a6 10.Qe1 e5 11.fxe5 dxe5 12.Nxc6 bxc6 13.Qg3 Qc7 14.Bd4 Nd7 15.
Bc4 Kh8 16.Rxf7 Rxf7 17.Bxf7 Qb8 18.Bf2 Qxb2 19.Rd1 Bb4 20.Na4 Qxc2 21.Bb3
Qxe4 22.Nb6 Rb8 23.Nxd7 Bxd7 24.Rxd7 Qb1+ 25.Rd1 Qf5 26.Qd3 e4 27.Qd7 Qf4 
28.Bd4 Qg5 29.Qe6 Rd8 30.Qxe4 Bd6 31.Bf2 Qh5 32.Qh4 Qa5 33.Bc2 g6 34.Qf6+ 
Kg8 35.Bb3+ 1-0